Administración de operaciones. Producción y cadena de suministros

Guardat en:
Dades bibliogràfiques
Autors principals: Chase, Richard B (Autor), Jacobs, F. Robert (Autor), Aquilano, Nicholas J (Autor)
Format: Llibre
Idioma:espanyol
Publicat: Ciudad de México, México. McGraw-Hill, 2009
Edició:12a. ed
Matèries:
Accés en línia:Disponible Online
Etiquetes: Afegir etiqueta
Sense etiquetes, Sigues el primer a etiquetar aquest registre!

MARC

LEADER 00000cam a2200000 a 4500
001 UCG2193
003 CL-VaPUC
005 20240402141612.0
008 100624e20090000MX |||||||||||||||||spa|d
999 |c 341422  |d 341420 
020 |a 9789701070277 
040 |c Pontificia Universidad Católica de Valparaíso 
082 0 4 |a 658.54 CHA 2009  |2 21 
100 0 |a Chase, Richard B  |e author  |9 550564 
245 1 0 |a Administración de operaciones.  |b Producción y cadena de suministros 
250 |a 12a. ed 
260 |a Ciudad de México, México.  |b McGraw-Hill,   |c 2009 
300 |a 776 páginas  
583 |a last modification  |c 20170509 09:43:47  |k Rodrigo Vera 
650 0 |a Innovaciones tecnológicas  |2 CL-VaPUC  |9 259728 
650 0 |a Gestión de compras  |9 882190 
650 0 |a Planificación estratégica   |9 259735 
650 0 |a Producción eficiente  |9 886258 
700 |a Jacobs, F. Robert  |e author  |9 603480 
700 0 |a Aquilano, Nicholas J  |e author  |9 550566 
856 |u http://bibliografiadigital.pucv.cl.pucv.idm.oclc.org/index.php/bibliotecapucv/catalog/book/783  |y Disponible Online  
942 |c BK  |2 ddc 
945 |d 20100624 00:00:00  |a dcastane 
952 |0 0  |1 0  |4 0  |6 658_540000000000000_CHA_2009  |7 0  |8 R  |9 436911  |a BIBENE  |b BIBENE  |d 2019-11-22  |i 4684834  |l 5  |m 1  |o 658.54 CHA 2009  |p 4684834  |r 2025-01-15  |s 2024-03-25  |w 2019-11-22  |y BK_R  |k ICO 
952 |0 0  |1 0  |4 0  |6 658_540000000000000_CHA_2009  |7 0  |8 CCM  |9 436912  |a BIBCUR  |b BIBCUR  |d 2019-11-22  |i 477339K  |o 658.54 CHA 2009  |p 477339K  |r 2025-04-22  |w 2019-11-22  |y BK_R  |k CIM 
952 |0 0  |1 0  |4 0  |6 658_540000000000000_CHA_2009  |7 0  |8 CCM  |9 436913  |a BIBCUR  |b BIBCUR  |d 2019-11-22  |i 4773403  |o 658.54 CHA 2009  |p 4773403  |r 2025-04-22  |w 2019-11-22  |y BK_R  |k CIM 
952 |0 0  |1 0  |4 0  |6 658_540000000000000_CHA_2009  |7 0  |8 A  |9 436914  |a BIBING  |b BIBING  |d 2019-11-22  |i 4930983  |l 1  |o 658.54 CHA 2009  |p 4930983  |r 2025-01-20  |s 2024-08-23  |w 2019-11-22  |y BK  |k TRA 
952 |0 0  |1 0  |4 0  |6 658_540000000000000_CHA_2009  |7 0  |8 A  |9 436915  |a BIBING  |b BIBING  |d 2019-11-22  |i 4930991  |l 2  |m 1  |o 658.54 CHA 2009  |p 4930991  |r 2025-01-20  |s 2024-08-13  |w 2019-11-22  |y BK  |k TRA 
952 |0 0  |1 0  |4 0  |6 658_540000000000000_CHA_2009  |7 0  |8 A  |9 436916  |a BIBING  |b BIBING  |d 2019-11-22  |i 4931009  |l 1  |o 658.54 CHA 2009  |p 4931009  |r 2025-01-20  |s 2024-08-23  |w 2019-11-22  |y BK  |k TRA 
952 |0 0  |1 0  |3 erb  |4 0  |6 658_540000000000000_CHA_2009  |7 0  |8 A  |9 436917  |a BIBING  |b BIBING  |i 5033101  |l 6  |m 1  |o 658.54 CHA 2009  |p 5033101  |r 2025-01-20  |s 2024-08-27  |w 2019-11-22  |y BK  |z Catalogado en:20131206  |k TRA